000 00241nam a22001097a 4500
082 _a332.49 WIS
245 _aA tool of power
260 _aLondon
_bWiley and sons
_c1979
300 _axi, 401p.
_b24cm.
500 _aInclude index
942 _cBK
999 _c15176
_d15176